000 00853nas a2200301 4500
001 BR9206650
003 BR-BrBNA
005 20231205092941.0
007 ta
008 230509b bl.|||p| |||| 00| 00por d
040 _aBR-BrBNA
_bpor
_cBiblioteca Nacional de Agricultura
041 _a(Pt)
072 _aF01
100 1 _aSaturnino, H.M.
100 1 _aMascarenhas, M.H.T.
100 1 _aFontes, P.C.R.
100 1 _aSouza, R.J. de
245 1 _aUso de diferentes arranjos de plantas em dois tipos de canteiros de alho (Allium sativum L.)
650 _aALHO
650 _aVARIEDADE
650 _aPRODUCAO VEGETAL
650 _aCOLHEITA
650 _aBULBO
650 _aPESO
773 0 _tRevista de Olericultura (Brazil)
_x
_g(1976), (no. 16) p. 41-44
_wBR9206650
909 _a202311
_bLúcia
_c55
_dLúcia Elande
942 _2AGRIS
_n0
_cANA
999 _c135333
_d135333